000 00958nam a22001937a 4500
003 OSt
005 20260504015820.0
008 260504b |||||||| |||| 00| 0 eng d
040 _aDWCL GS lib
_cOC
082 _aFic. k26n 1970
100 _aKeene, Carolyn
245 _anancy drew mystery stories 21
_b: the secret in the old attic
_cCarolyn Keene
260 _aNew York
_bGrosset and Dunlap
_cc1944
300 _a177
_billustrations
_c19cm
520 _aThe Secret in the Old Attic (#21) features Nancy Drew trying to locate missing music manuscripts written by deceased soldier Philip March to save his family from financial ruin. While searching a dusty attic, she investigates stolen songs, a rival company, and a hidden skeleton, ultimately unravelling a complex case involving hidden treasures and imposters.
546 _aEnglish
_be
700 _aCarolyn Keene
942 _2ddc
_cFIC.
_hFic. k26n 1970
_n0
999 _c10191
_d10191